000 00570nam a2200229Ia 4500
003 OSt
005 20220924132730.0
006 a|||||r|||| 00| 0
007 ta
008 220923b |||||||| |||| 00| 0 fre d
024 _a140076
037 _cTextual
040 _aARTS
_cARTS
_bfre
041 _2fre
_afre
082 _aY1:1.6.N5, 122K4
100 _aBarbe R
_9204845
245 0 _aClasses sociales en Afrique Noire
260 _c1964
650 _aSOCIOLOGY
942 _hY1:1.6.N5, 122K4
_cTEXL
_2CC
999 _c431325
_d431325